000 00837nam a2200289 a 4500
001 28676
003 BD-RjUL
005 20211209051320.0
008 140331s1973 i br1p 0 1 a0eng
035 _a(BD-RjUL)28758
040 _aLC
_beng
_cLC
_dBD-RjUL
041 1 _aengrus
082 0 0 _a612
_221
_bCHH V-2 1973
100 1 _aChatterjee, Chandi Charan.
_945445
245 1 0 _aHuman physiology /
_cby Chandi Charan Chatterjee.
_nVolume II.
250 _a8th ed.
260 _aCalcutta :
_bNew Central Book,
_c1973.
300 _a1694 p. :
_bill. ;
_c28 cm.
500 _aincludes index.
500 _aFor Preclinical Medical and Degree courses in Physiology.
505 0 1 _a v. 2 --
650 0 _aHuman physiology.
_945446
650 2 _aPhysiology.
_945447
942 _2ddc
_cBK
999 _c28676
_d28676